[Event "FRA-ch Blitz Online Qual"]
[Site "Europe Echecs INT"]
[Date "2020.05.16"]
[Round "9"]
[White "Assouane, Aksel"]
[Black "Levy, Kevin"]
[Result "1-0"]
[WhiteElo "1238"]
[BlackElo "1740"]
[PlyCount "59"]
[EventDate "2020.05.16"]
[EventType "swiss (blitz)"]
[EventRounds "15"]
[EventCountry "FRA"]
[SourceTitle "CBM 196 Extra"]
[Source "ChessBase"]
[SourceDate "2020.07.31"]
[SourceVersion "1"]
[SourceVersionDate "2020.07.31"]
[SourceQuality "1"]

1. e4 Nf6 2. e5 Nd5 3. d4 d6 4. exd6 cxd6 5. Bc4 Nb6 6. Bb3 g6 7. Nf3 Bg7 8. c3 0-0 9. Be3 Nc6 10. Nbd2 Bg4 11. 0-0 a5 12. a4 d5 13. Qc2 Bf5 14. Qd1 Rc8 15. Nb1 Bg4 16. Na3 e5 17. dxe5 Nxe5 18. Nb5 Nxf3+ 19. gxf3 Bh3 20. Re1 Nc4 21. Bxc4 dxc4 22. Nd6 Rc5 23. Nxb7 Rg5+ 24. Kh1 Bg2+ 25. Kg1 Bxf3+ 26. Kf1 Bxd1 27. Nxd8 Rxd8 28. Bxg5 Rd5 29. Re8+ Bf8 30. Bh6 1-0

[Event "FRA-ch Blitz Online Qual"]
[Site "Europe Echecs INT"]
[Date "2020.05.16"]
[Round "15"]
[White "Fardet, Elouan"]
[Black "Levy, Kevin"]
[Result "1-0"]
[WhiteElo "2163"]
[BlackElo "1740"]
[PlyCount "51"]
[EventDate "2020.05.16"]
[EventType "swiss (blitz)"]
[EventRounds "15"]
[EventCountry "FRA"]
[SourceTitle "CBM 196 Extra"]
[Source "ChessBase"]
[SourceDate "2020.07.31"]
[SourceVersion "1"]
[SourceVersionDate "2020.07.31"]
[SourceQuality "1"]

1. e4 Nf6 2. e5 Nd5 3. c4 Nb6 4. d4 d6 5. exd6 cxd6 6. d5 e6 7. Nc3 g6 8. h4 Bg7 9. h5 h6 10. hxg6 fxg6 11. Bd3 Qf6 12. Nf3 Na6 13. Ne4 Qe7 14. Bf4 e5 15. Be3 Bf5 16. Qe2 Nd7 17. Nh4 0-0-0 18. Bxa7 b6 19. c5 Ndxc5 20. Bxa6+ Nxa6 21. Qxa6+ Kd7 22. Qb5+ Kc7 23. Rc1+ Kb7 24. Bxb6 Rc8 25. Bd8+ Ka8 26. Bxe7 1-0

[Event "FRA-ch Blitz Online Qual"]
[Site "Europe Echecs INT"]
[Date "2020.05.16"]
[Round "2"]
[White "Gheorghin, Felix"]
[Black "Levy, Kevin"]
[Result "0-1"]
[WhiteElo "1310"]
[BlackElo "1740"]
[PlyCount "46"]
[EventDate "2020.05.16"]
[EventType "swiss (blitz)"]
[EventRounds "15"]
[EventCountry "FRA"]
[SourceTitle "CBM 196 Extra"]
[Source "ChessBase"]
[SourceDate "2020.07.31"]
[SourceVersion "1"]
[SourceVersionDate "2020.07.31"]
[SourceQuality "1"]

1. e4 Nf6 2. e5 Nd5 3. Bc4 Nb6 4. Bb3 d6 5. exd6 exd6 6. d4 Be7 7. Be3 0-0 8. Nf3 Nc6 9. 0-0 Bg4 10. Nbd2 d5 11. h3 Bh5 12. c3 Bd6 13. Bc2 Qd7 14. Bxh7+ Kh8 15. Bd3 Ne7 16. Qc2 Rae8 17. Rfe1 Bg6 18. Bxg6 Nxg6 19. Nf1 Nc4 20. N3d2 Nxe3 21. Rxe3 c6 22. Rae1 Rxe3 23. Rxe3 Bb8 0-1

[Event "FRA-ch Blitz Online Qual"]
[Site "Europe Echecs INT"]
[Date "2020.05.16"]
[Round "3"]
[White "Levy, Kevin"]
[Black "Saya, Ethan"]
[Result "0-1"]
[WhiteElo "1740"]
[BlackElo "2199"]
[PlyCount "32"]
[EventDate "2020.05.16"]
[EventType "swiss (blitz)"]
[EventRounds "15"]
[EventCountry "FRA"]
[SourceTitle "CBM 196 Extra"]
[Source "ChessBase"]
[SourceDate "2020.07.31"]
[SourceVersion "1"]
[SourceVersionDate "2020.07.31"]
[SourceQuality "1"]

1. e4 e6 2. d4 d5 3. Nd2 dxe4 4. Nxe4 Nd7 5. Be3 Ngf6 6. Nxf6+ Nxf6 7. Nf3 Be7 8. Bd3 0-0 9. 0-0 b6 10. c4 Bb7 11. Qc2 c5 12. Rad1 cxd4 13. Nxd4 Qc7 14. Rfe1 Rfd8 15. Bf1 Ng4 16. h3 Qh2# 0-1

[Event "FRA-ch Blitz Online Qual"]
[Site "Europe Echecs INT"]
[Date "2020.05.16"]
[Round "11"]
[White "Toussaint, Florent"]
[Black "Levy, Kevin"]
[Result "1/2-1/2"]
[WhiteElo "1391"]
[BlackElo "1740"]
[PlyCount "115"]
[EventDate "2020.05.16"]
[EventType "swiss (blitz)"]
[EventRounds "15"]
[EventCountry "FRA"]
[SourceTitle "CBM 196 Extra"]
[Source "ChessBase"]
[SourceDate "2020.07.31"]
[SourceVersion "1"]
[SourceVersionDate "2020.07.31"]
[SourceQuality "1"]

1. d4 d5 2. Nf3 Nf6 3. Bf4 e6 4. e3 c5 5. c3 Nc6 6. Bd3 Nh5 7. Bg3 g6 8. Nbd2 cxd4 9. exd4 Bd6 10. Bh4 f6 11. Qc2 Nf4 12. Bb5 Nxg2+ 13. Kf1 Nxh4 14. Nxh4 Qe7 15. Re1 0-0 16. Rg1 Bxh2 17. Rg2 g5 18. Rxh2 gxh4 19. Rxh4 Rf7 20. Ke2 a6 21. Rg1+ Kf8 22. Bd3 f5 23. Rh3 Ke8 24. Rhg3 Kd7 25. Nf3 h6 26. Ne5+ Nxe5 27. dxe5 b5 28. Qd2 Bb7 29. Rg6 Rh7 30. Rxh6 Rd8 31. Rgg6 Rxh6 32. Qxh6 Rf8 33. Rg7 Rf7 34. Rxf7 Qxf7 35. f4 Kc6 36. Ke3 Bc8 37. Kd4 Qe7 38. Bxf5 Qc5+ 39. Kd3 Qc4+ 40. Kd2 Qxa2 41. Bxe6 Qxb2+ 42. Kd3 Qb1+ 43. Kd2 Qb2+ 44. Ke3 Qc1+ 45. Kf3 Qxc3+ 46. Kg4 Bxe6+ 47. Qxe6+ Kc5 48. Qc8+ Kb4 49. Qxa6 d4 50. Qd6+ Qc5 51. Qxc5+ Kxc5 52. Kf3 Kd5 53. Ke2 b4 54. Kd2 b3 55. Kd3 Ke6 56. Kd2 Kf5 57. Kd3 Ke6 58. Kd2 1/2-1/2